00230nam a2200085Ia 4500001000800000005001700008008004100025245005700066260002100123107593720250827002247.0250824s9999 xx 000 0 und d 0aİSLAM DÜŞÜNCE GELENEKLERİcÖMER TÜRKER bKETEBE YAYINLARI